Τραγούδια Light - Ξαφνικός Θάνατος - Statistics

General Stats
  • This quiz has been taken 30 times
  • The average score is 8 of 15
Answers on the Grid
Answers color-coded by a green-red scale on the quiz's grid according to % correct below.
Bro x3
Primo
Capo dei Capi
Tony Montana
Mosca
Huracan
Πέτα τα
Romanzo Criminale
Omerta
Voodoo
Street Values
Χιλιόμετρα
Slang
Peru
OJ
Medusa
Caliente
Capitano
Συμπλοκές
Drill Town
Terrano
Λέτε λέτε
Royal
Miami
Δε με θέλουν
Ice Baby
Elite
Αλήτης
Trafficante
Σινιάλο
 
Answer Stats
Answer % Correct
Primo
80%
Bro x3
73%
Romanzo Criminale
67%
Slang
67%
Πέτα τα
60%
Capo dei Capi
60%
Mosca
60%
OJ
47%
Omerta
47%
Voodoo
47%
Χιλιόμετρα
40%
Huracan
33%
Peru
33%
Street Values
33%
Tony Montana
33%
No matching quizzes found
Score Distribution
Percent of People with Each Score
Percentile by Number Answered
Your Score History
You have not taken this quiz